15 principales países afectados por Covid19 - 28 agosto - Estadísticas

Estadísticas generales
  • Esta prueba ha sido intentada 6 veces
  • La puntuación promedio es 14 de 24
Estadísticas de respuestas
país % Correcto
Argentina
100%
Chile
100%
Chile
100%
Colombia
100%
Estados Unidos
100%
México
100%
Rusia
100%
Bangladés
80%
Brasil
80%
España
80%
India
80%
Reino Unido
80%
Perú
60%
Irán
40%
Singapur
40%
Sudáfrica
40%
Arabia Saudita
20%
Armenia
20%
Baréin
20%
Catar
20%
Israel
20%
Kuwait
20%
Omán
20%
Panamá
20%
No se encontraron pruebas coincidentes
Distribución de puntuación
Porcentaje de gente con cada puntuación
Porcentaje por número respondido
Historial de tus puntuaciones
No has intentado esta prueba.